Welcome to CU Library Online Public Access Catalogue (OPAC)

FROM JESUS TO CHRIST; (Record no. 6267)

MARC details
000 -LEADER
fixed length control field 00424nam a22001457a 4500
005 - DATE AND TIME OF LATEST TRANSACTION
control field 20250604135142.0
008 - FIXED-LENGTH DATA ELEMENTS--GENERAL INFORMATION
fixed length control field 250604b |||||||| |||| 00| 0 eng d
020 ## - INTERNATIONAL STANDARD BOOK NUMBER
International Standard Book Number 9780300048643
050 ## - LIBRARY OF CONGRESS CALL NUMBER
Classification number BT198
Item number .F82 FRE
100 ## - MAIN ENTRY--PERSONAL NAME
Personal name FREDRIKSEN PAULA
245 ## - TITLE STATEMENT
Title FROM JESUS TO CHRIST;
Remainder of title THE ORIGINS OF THE NEW TESTAMENT IMAGES OF JESUS
260 ## - PUBLICATION, DISTRIBUTION, ETC.
Place of publication, distribution, etc. LONDON
Name of publisher, distributor, etc. YALE UNIVERSITY PRESS
Date of publication, distribution, etc. c1988
300 ## - PHYSICAL DESCRIPTION
Extent xii, 256p
942 ## - ADDED ENTRY ELEMENTS (KOHA)
Source of classification or shelving scheme Library of Congress Classification
Koha item type Books
Suppress in OPAC No
999 ## -
-- 6267
-- 6267
Holdings
Withdrawn status Lost status Source of classification or shelving scheme Damaged status Not for loan Collection Home library Current library Shelving location Date acquired Total checkouts Full call number Barcode Date last seen Copy number Price effective from Koha item type
    Library of Congress Classification     Non-fiction Undergraduate Library (Christ Temple) Undergraduate Library (Christ Temple) General stacks 06/04/2025   BT198.F82 FRE ulct00003008 06/04/2025 1 06/04/2025 Books
© 2023-2024 Copyright: Central University Libraries. All Rights Reserved | Created by: Mahone Tech Office